书目信息 |
| 题名: |
交际障碍·冲突·压力
|
|
| 作者: | Пуньян , 卢毕杨 著 ;肖章 , 平凡 译 | |
| 分册: | ||
| 出版信息: | 北京 北京大学出版社 1990 |
|
| 页数: | 166页 | |
| 开本: | 19cm | |
| 丛书名: | ||
| 单 册: | ||
| 中图分类: | C912.6 , B84 | |
| 科图分类: | ||
| 主题词: | 社会心理学-人间交往--通俗读物 , 人间交往-社会心理学--通俗读物 , 心理学 | |
| 电子资源: | ||
| ISBN: | 7-301-00940-2 | |
| 000 | 00860nam0 2200289 450 | |
| 001 | 1236647126 | |
| 005 | 20120928101322.82 | |
| 010 | @a7-301-00940-2@dCNY2.95 | |
| 100 | @a19961012d1990 em y0chiy0110 ea | |
| 101 | 1 | @achi@crus |
| 102 | @aCN@b110000 | |
| 105 | @ay z 000yy | |
| 106 | @ar | |
| 200 | 1 | @a交际障碍·冲突·压力@Ajiao ji zhang ai· chong tu· ya li@f(苏)卢毕杨(Я.А.Пуньян)著@g平凡,肖章译 |
| 210 | @a北京@c北京大学出版社@d1990 | |
| 215 | @a166页@d19cm | |
| 606 | 0 | @a社会心理学-人间交往@x通俗读物 |
| 606 | 0 | @a人间交往-社会心理学@x通俗读物 |
| 606 | 0 | @a心理学 |
| 690 | @aC912.6@v3 | |
| 690 | @aB84@v4 | |
| 701 | 1 | @aПуньян@bЯ.А.@4著 |
| 701 | 1 | @a卢毕杨@Alu bi yang@bЯ.А.@4著 |
| 702 | 0 | @a肖章@Axiao zhang@4译 |
| 702 | 0 | @a平凡@Aping fan@4译 |
| 801 | 0 | @aCN@bNLC |
| 905 | @a10447@dB84@eJY22 | |
| 交际障碍·冲突·压力/(苏)卢毕杨(Я.А.Пуньян)著/平凡,肖章译 .-北京:北京大学出版社,1990 |
| 166页;19cm |
| ISBN 7-301-00940-2:CNY2.95 |
| ● |
| 相关链接 |
|
|
|
|
正题名:交际障碍·冲突·压力
索取号:B84/JY22
 
预约/预借
| 序号 | 登录号 | 条形码 | 馆藏地/架位号 | 状态 | 备注 |
| 1 | 7830016 | 278300161 | 学院路分馆/ [索取号:B84/JY22] | 在馆 |